[Event "AUTO-ADV-4892"]
[Site "http://www.queenalice.com/game.php?id=1862831"]
[Date "2025.9.11"]
[Round "1"]
[White "oniwa"]
[Black "Fauquinelle"]
[Result "1-0"]
[WhiteElo "1935"]
[BlackElo "1955"]

1. d4 d5 2. c4 c6 3. Nc3 Nf6 4. Nf3 Bf5 5. Bg5 Nbd7 6. Ne5 Nxe5 7. dxe5 Ne4 8.
Nxe4 Bxe4 9. Qd4 Qa5+ 10. Bd2 Qb6 11. c5 Qc7 12. e3 g6 13. f3 Bf5 14. g4 Be6 15.
Bd3 Bg7 16. e4 Bxe5 17. Qb4 Bxh2 18. O-O-O Rd8 19. Bc3 O-O 20. Qd4 f6 21. Qf2
Bf4+ 22. Kb1 dxe4 23. Bxe4 Kg7 24. Qh4 Rh8 25. g5 Rxd1+ 26. Rxd1 Be5 27. Qh6+
Kf7 28. Bxg6+ hxg6 29. Qxh8 Bf5+ 30. Ka1 Bxc3 31. bxc3 Qe5 32. Qh7+ Ke6 33. Qg8#
1-0

[Event "AUTO-ADV-4892"]
[Site "http://www.queenalice.com/game.php?id=1862832"]
[Date "2025.9.11"]
[Round "1"]
[White "Fauquinelle"]
[Black "oniwa"]
[Result "0-1"]
[WhiteElo "2015"]
[BlackElo "1879"]

1. d4 Nf6 2. Nf3 d5 3. e3 Bg4 4. c4 e6 5. cxd5 Nxd5 6. Bd2 Nc6 7. Bb5 Qd7 8. Bc3
a6 9. Be2 O-O-O 10. Nbd2 Nxc3 11. bxc3 Ba3 12. Qa4 Bd6 13. Bxa6 Nb8 14. Bxb7+
Kxb7 15. Rb1+ Kc8 16. Qa7 c6 17. Rxb8+ Bxb8 18. Qa4 Bxf3 19. gxf3 Qb7 20. O-O
Rd5 21. Rb1 Qc7 22. f4 g5 0-1

[Event "AUTO-ADV-4892"]
[Site "http://www.queenalice.com/game.php?id=1862833"]
[Date "2025.9.11"]
[Round "1"]
[White "oniwa"]
[Black "Capixabba789"]
[Result "0-1"]
[WhiteElo "1902"]
[BlackElo "1955"]

1. d4 d5 2. c4 Nf6 3. Nc3 e6 4. Nf3 Be7 5. Bf4 c6 6. c5 O-O 7. Nd2 b5 8. e4 Nxe4
9. Ndxe4 dxe4 10. Nxe4 Nd7 11. Nd6 a5 12. Bd3 Ba6 13. Qg4 f5 14. Qh3 g5 15. Qg3
Kh8 16. Be5+ Kg8 17. Be2 b4 18. Bh5 Nxe5 19. Qxe5 Rf6 20. Qg3 h6 21. h4 g4 22.
f3 Bxd6 23. cxd6 Qf8 24. fxg4 Qg7 25. g5 Rff8 26. O-O-O Bc4 27. b3 Bd5 28. d7 a4
29. Kb2 axb3 30. axb3 Ra3 31. Rd3 Rfa8 32. Rb1 Ra2+ 33. Kc1 Be4 34. gxh6 Qxg3
35. Rxg3+ Kh8 36. Bf7 Bxb1 37. Rg8+ Rxg8 38. Bxg8 Ra8 39. Bxe6 Be4 40. g3 Kh7
41. Kd2 Kxh6 42. Ke3 Kg6 0-1

[Event "AUTO-ADV-4892"]
[Site "http://www.queenalice.com/game.php?id=1862834"]
[Date "2025.9.11"]
[Round "1"]
[White "Capixabba789"]
[Black "oniwa"]
[Result "1-0"]
[WhiteElo "1901"]
[BlackElo "1882"]

1. d4 Nf6 2. Nc3 e6 3. e4 Bb4 4. Bd3 Bxc3+ 5. bxc3 Nc6 6. f4 d5 7. e5 Nd7 8. Nf3
f6 9. O-O f5 10. Ng5 Qe7 11. Qh5+ g6 12. Qh3 b6 13. a4 Bb7 14. Ba3 Qd8 15. Nxe6
Qc8 16. Ng7+ Kf7 17. Nxf5 Nf8 18. Nh6+ Kg7 19. f5 1-0

[Event "AUTO-ADV-4893"]
[Site "http://www.queenalice.com/game.php?id=1863213"]
[Date "2025.9.20"]
[Round "1"]
[White "oniwa"]
[Black "SGF"]
[Result "1-0"]
[WhiteElo "1906"]
[BlackElo "1755"]

1. e4 e5 2. Nf3 Qf6 3. Bc4 c6 4. d3 h6 5. Nc3 b5 6. Bb3 a5 7. a3 b4 8. axb4 Bxb4
9. Bd2 d6 10. h3 g5 11. Na4 Bxd2+ 12. Qxd2 g4 13. hxg4 Bxg4 14. Qe3 Nd7 15. Nd2
h5 16. f3 Be6 17. Nb6 Nxb6 18. Qxb6 Bxb3 19. Qxc6+ Ke7 20. Qxa8 Bxc2 21. Qb7+
Kf8 22. Qc8+ Kg7 23. Qxc2 Ne7 24. Rxa5 h4 25. Nc4 h3 26. gxh3 Qxf3 27. Rg1+ Kf6
28. Rf1 Rxh3 29. Rxf3+ Rxf3 30. Nxd6 Rh3 31. Qf2+ Kg7 32. Qxf7+ Kh6 33. Qf6+ Ng6
34. Nf7+ Kh7 35. Ng5+ Kh6 36. Nxh3 Kh7 37. Ra7+ Kh6 38. Qg5# 1-0

[Event "AUTO-ADV-4893"]
[Site "http://www.queenalice.com/game.php?id=1863214"]
[Date "2025.9.20"]
[Round "1"]
[White "SGF"]
[Black "oniwa"]
[Result "0-1"]
[WhiteElo "1699"]
[BlackElo "1870"]

1. e4 e5 2. Qf3 Nf6 3. d3 Bb4+ 4. c3 Bc5 5. Be2 Nc6 6. Qg3 g6 7. Bg5 h6 8. Bxf6
Qxf6 9. Nf3 d6 10. b4 Bb6 11. a4 a6 12. a5 Ba7 13. h4 Be6 14. O-O d5 15. exd5
Bxd5 16. c4 Be6 17. Nbd2 Nxb4 18. Nxe5 Bd4 19. Nef3 Bxa1 20. Qxc7 Bc3 21. Qxb7
O-O 22. Ne4 Qg7 23. c5 f5 24. Qxg7+ Kxg7 25. Nxc3 Nc6 26. d4 Nxa5 27. d5 Bc8 28.
Ne5 Re8 29. Nc6 Nxc6 30. dxc6 Re5 31. Na4 Rxe2 32. Nb6 Rb8 33. Nxc8 Rxc8 34. f4
Rxc6 35. Rc1 a5 36. Kf1 Re7 37. g3 Rec7 38. Ke2 Rxc5 39. Rxc5 Rxc5 40. Kf3 a4
41. g4 a3 42. g5 a2 43. gxh6+ Kxh6 44. Kg3 a1=Q 45. Kf3 Rc3+ 46. Kg2 Qb2+ 47.
Kf1 Rc1# 0-1

[Event "AUTO-ADV-4893"]
[Site "http://www.queenalice.com/game.php?id=1863217"]
[Date "2025.9.20"]
[Round "1"]
[White "oniwa"]
[Black "chessman"]
[Result "1-0"]
[WhiteElo "1888"]
[BlackElo "1989"]

1. e4 e6 2. d4 d5 3. exd5 exd5 4. Nc3 c6 5. Nf3 Nf6 6. Bg5 Be7 7. h3 O-O 8. Bd3
Re8 9. O-O Nbd7 10. Ne2 a6 11. a3 Nf8 12. c4 dxc4 13. Bxc4 Ne6 14. Be3 h6 15.
Ng3 Qc7 16. b4 Ne4 17. Nxe4 Bd7 18. Ne5 1-0

[Event "AUTO-ADV-4893"]
[Site "http://www.queenalice.com/game.php?id=1863218"]
[Date "2025.9.20"]
[Round "1"]
[White "chessman"]
[Black "oniwa"]
[Result "1-0"]
[WhiteElo "2076"]
[BlackElo "1916"]

1. e4 e5 2. Nf3 Nc6 3. Bc4 Bc5 4. O-O Nf6 5. d3 O-O 6. b4 Bb6 7. b5 Na5 8. Nxe5
Nxc4 9. Nxc4 Bc5 10. Bb2 d6 11. d4 Bb6 12. Nxb6 axb6 13. Nd2 Bg4 14. f3 Bh5 15.
c4 c6 16. bxc6 bxc6 17. Nb3 Nxe4 18. g4 Bxg4 19. fxg4 Qg5 20. Qf3 Nf6 21. h3
Rae8 22. Rae1 Rc8 23. Qg3 d5 24. Rf5 Qg6 25. Nd2 Rcd8 26. cxd5 Rxd5 27. Rxd5
Nxd5 28. Ne4 Re8 29. Nc3 Rxe1+ 30. Qxe1 h5 31. Nxd5 cxd5 32. Qe2 hxg4 33. hxg4
Qb1+ 34. Kg2 Qxa2 35. Qc2 g6 36. Kh3 Kg7 37. Qe2 Qb3+ 38. Kh2 b5 39. Qe5+ f6 40.
Qe7+ Kh6 41. Bc1+ 1-0

[Event "AUTO-ADV-4855"]
[Site "http://www.queenalice.com/game.php?id=1863299"]
[Date "2025.9.23"]
[Round "2"]
[White "MMA34"]
[Black "oniwa"]
[Result "1-0"]
[WhiteElo "2152"]
[BlackElo "1923"]

1. e4 e5 2. Nf3 Nc6 3. Bb5 a6 4. Ba4 Nf6 5. O-O Bc5 6. d3 b5 7. Bb3 O-O 8. Nc3
d6 9. Nd5 Be6 10. Bg5 Nd4 11. Nxd4 Bxd4 12. c3 Ba7 13. Bxf6 gxf6 14. Ne3 Kh8 15.
Qf3 Rg8 16. Nf5 Bxf5 17. Qxf5 Rg7 18. Bd1 d5 19. h4 d4 20. Kh2 dxc3 21. bxc3
Qxd3 22. Bb3 Rag8 23. g3 Rxg3 24. Rg1 Rf3 25. Rxg8+ Kxg8 26. Rg1+ Kf8 27. Qc8+
Ke7 28. Qxc7+ Qd7 29. Qxd7+ Kxd7 30. Rg7 Kd6 31. Rxf7 Bxf2 32. Rxh7 Re3 33. Kg2
Be1 34. Rh6 Ke7 35. Rh7+ Kf8 36. Rf7+ Ke8 37. Rxf6 a5 38. Bd5 Bxc3 39. h5 Re2+
40. Kh3 Ke7 41. Rf7+ Ke8 42. h6 1-0

[Event "AUTO-ADV-4855"]
[Site "http://www.queenalice.com/game.php?id=1863300"]
[Date "2025.9.23"]
[Round "2"]
[White "oniwa"]
[Black "MMA34"]
[Result "0-1"]
[WhiteElo "1916"]
[BlackElo "2136"]

1. d4 Nf6 2. Nc3 e6 3. e4 Bb4 4. Bd2 O-O 5. e5 Bxc3 6. Bxc3 Ne4 7. Qf3 d5 8. Bb4
c5 9. dxc5 Nc6 10. c3 a5 11. Ba3 Bd7 12. b4 axb4 13. Bxb4 Qg5 14. Bd3 Qd2+ 15.
Kf1 f5 16. a3 Nxf2 17. Qxf2 Qxd3+ 18. Ne2 Nxb4 19. cxb4 Bb5 20. g3 Qe4 21. Rg1
f4 22. gxf4 Rxf4 0-1

[Event "AUTO-ADV-4895"]
[Site "http://www.queenalice.com/game.php?id=1863558"]
[Date "2025.9.29"]
[Round "1"]
[White "Daniel1962"]
[Black "oniwa"]
[Result "1-0"]
[WhiteElo "1788"]
[BlackElo "1952"]

1. g3 e5 2. e3 d5 3. Bg2 Nf6 4. Nc3 Bb4 5. d4 Bxc3+ 6. bxc3 e4 7. Ba3 Bg4 8. f3
exf3 9. Bxf3 Bxf3 10. Qxf3 c6 11. Rb1 Qa5 12. Rb3 Nbd7 13. Ne2 Nb6 14. O-O Nc4
15. Bc1 b5 16. Qf4 Qxa2 17. Qf5 Nd6 18. Qe5+ Kd7 19. Rb2 Qc4 20. Nf4 Qxc3 21.
Ne2 Qc4 22. Nf4 Rae8 23. Qg5 Rhg8 24. Nh5 Nxh5 25. Qxh5 h6 26. Rf2 Qc3 27. Rb3
Qa1 28. Qd1 Nc4 29. Rxf7+ Kd6 30. Ba3+ Qxa3 31. Rxa3 Nxa3 32. Rxa7 Nc4 33. Qg4
Ne5 34. dxe5+ Rxe5 35. Qb4+ 1-0

[Event "AUTO-ADV-4895"]
[Site "http://www.queenalice.com/game.php?id=1863559"]
[Date "2025.9.29"]
[Round "1"]
[White "oniwa"]
[Black "Daniel1962"]
[Result "0-1"]
[WhiteElo "1916"]
[BlackElo "1811"]

1. d4 d5 2. c4 dxc4 3. Nc3 Nc6 4. Nf3 Bg4 5. e4 Nxd4 6. Be2 Nxf3+ 7. gxf3 Qxd1+
8. Nxd1 Bh5 9. Bf4 e6 10. Bxc7 Bb4+ 11. Kf1 Ne7 12. Rc1 b5 13. Be5 O-O 14. Ne3
Bd2 15. Rd1 Bxe3 16. fxe3 Ng6 17. Bd4 Rfd8 18. b3 cxb3 19. axb3 b4 20. Rg1 e5
21. Bc5 Rxd1+ 22. Bxd1 a5 23. Rg5 Nh4 24. Kf2 g6 25. Kg3 Rc8 26. Rxe5 Rd8 27.
Rd5 Rxd5 28. exd5 Nf5+ 29. Kf4 Ng7 30. d6 Ne6+ 31. Ke5 Nxc5 32. Kd5 Nd7 33. Kc6
Nf6 34. e4 Kf8 35. e5 Nd5 36. Kxd5 Ke8 37. e6 fxe6+ 38. Kxe6 g5 39. Be2 Bf7+ 40.
Ke5 Bxb3 41. Bb5+ Kd8 42. Kf6 a4 0-1

[Event "AUTO-ADV-4895"]
[Site "http://www.queenalice.com/game.php?id=1863570"]
[Date "2025.9.29"]
[Round "1"]
[White "chessman"]
[Black "oniwa"]
[Result "1-0"]
[WhiteElo "2034"]
[BlackElo "1896"]

1. e4 e5 2. Nf3 Nc6 3. Bb5 Nf6 4. O-O Bc5 5. h3 O-O 6. Re1 a6 7. Bxc6 dxc6 8.
Nxe5 Qd4 9. Nd3 Nxe4 10. Rf1 b5 11. Nxc5 Qxc5 12. d4 Qf5 13. Nc3 Nf6 14. Re1 Qg6
15. a3 Bxh3 16. Qf3 Nh5 17. Qxh3 Rad8 18. Be3 Nf6 19. Rac1 Nd5 20. Nxd5 cxd5 21.
c3 h6 22. Re2 f5 23. Bf4 Rc8 24. Rce1 c5 25. Re6 Rf6 26. Re7 cxd4 27. cxd4 Rc4
28. Be5 Rf7 29. Re8+ Rf8 30. Re7 Rf7 31. Rxf7 Qxf7 32. Qf3 a5 33. Qe3 Kh7 34.
Rc1 Rxc1+ 35. Qxc1 Qe8 36. Qc5 f4 37. Qxd5 1-0

[Event "AUTO-ADV-4895"]
[Site "http://www.queenalice.com/game.php?id=1863571"]
[Date "2025.9.29"]
[Round "1"]
[White "oniwa"]
[Black "chessman"]
[Result "1-0"]
[WhiteElo "1900"]
[BlackElo "2085"]

1. d4 d5 2. c4 c6 3. Nc3 Nf6 4. Nf3 e6 5. Bg5 Be7 6. e3 O-O 7. Bd3 Re8 8. c5
Nbd7 9. O-O b6 10. b4 bxc5 11. bxc5 Qa5 12. Ne2 Ne4 13. Bf4 f5 14. Bxe4 fxe4 15.
Ne5 Nxe5 16. Bxe5 Rf8 17. Nf4 Bf6 18. Bd6 Re8 19. Nh5 Qd8 20. f4 Ba6 21. Rf2 g6
22. Qg4 Kh8 23. Nxf6 1-0

[Event "AUTO-ADV-4895"]
[Site "http://www.queenalice.com/game.php?id=1863576"]
[Date "2025.9.29"]
[Round "1"]
[White "game"]
[Black "oniwa"]
[Result "0-1"]
[WhiteElo "1638"]
[BlackElo "1914"]

1. e4 e5 2. Nf3 Nc6 3. Bb5 Nf6 4. Ng5 Qe7 5. Bc4 d5 6. exd5 Nxd5 7. d3 Be6 8.
O-O O-O-O 9. Ne4 h6 10. f4 Nd4 11. fxe5 Nf5 12. g4 Nfe3 13. Bxe3 Nxe3 14. Qd2
Nxf1 15. Kxf1 Bxc4 16. Qe3 Bd5 17. Nbc3 Qxe5 18. Qxa7 Qf4+ 19. Nf2 Bb4 20. Nb5
Qxh2 21. Qa8+ Kd7 22. Qa4 Bc5 23. Nc3+ Bc6 0-1

[Event "AUTO-ADV-4895"]
[Site "http://www.queenalice.com/game.php?id=1863577"]
[Date "2025.9.29"]
[Round "1"]
[White "oniwa"]
[Black "game"]
[Result "1-0"]
[WhiteElo "1909"]
[BlackElo "1643"]

1. d4 c6 2. e4 g5 3. Bxg5 Nf6 4. Bxf6 exf6 5. Nc3 Bg7 6. Nf3 d5 7. Qe2 O-O 8.
O-O-O Re8 9. e5 Bh6+ 10. Kb1 fxe5 11. dxe5 Nd7 12. Re1 Bf4 13. Nd4 Rxe5 14. Qg4+
Bg5 15. Bd3 Nf6 16. Qg3 Rxe1+ 17. Rxe1 Nh5 18. Qf3 Ng7 19. Re5 Qc7 20. Rxg5 Qxh2
21. a3 Qh4 22. Qe3 Be6 23. Nxe6 Re8 24. Rxg7+ Kh8 25. Rxh7+ Qxh7 26. Bxh7 Kxh7
27. Ng5+ 1-0

[Event "AUTO-ADV-4898"]
[Site "http://www.queenalice.com/game.php?id=1864247"]
[Date "2025.10.14"]
[Round "1"]
[White "oniwa"]
[Black "Zeca1955"]
[Result "1-0"]
[WhiteElo "1892"]
[BlackElo "1918"]

1. d4 g6 2. e4 Bg7 3. Nf3 d6 4. Bc4 e6 5. Bg5 Ne7 6. O-O a6 7. Nc3 Nbc6 8. d5
Ne5 9. Bb3 O-O 10. Nxe5 Bxe5 11. f4 Bxc3 12. bxc3 Re8 13. Rf3 Qd7 14. Bf6 Kf8
15. Rh3 Ng8 16. Bg5 f6 17. Bh6+ Nxh6 18. dxe6 Qe7 19. Rxh6 Qg7 20. Rh4 Bxe6 21.
Qf3 h6 22. Bxe6 Rxe6 23. f5 g5 24. Rg4 Rb8 25. fxe6 Ke7 26. Qf5 c6 27. h4 Rg8
28. Rb1 b5 29. a4 Qg6 30. Qxg6 Rxg6 31. hxg5 fxg5 32. axb5 axb5 33. Rb4 Kxe6 34.
c4 bxc4 35. Rxc4 c5 36. Kf2 h5 37. Rg3 g4 38. Ra3 h4 39. Ra6 Rg5 40. Rc3 g3+ 41.
Kf3 Re5 42. Rd3 Rh5 43. Raxd6+ Ke7 44. R6d5 Rh6 45. Re5+ Kf6 46. Rf5+ Ke6 47.
Kg4 h3 48. gxh3 g2 49. Rd1 Rg6+ 50. Rg5 Rf6 51. Rg1 1-0

[Event "AUTO-ADV-4898"]
[Site "http://www.queenalice.com/game.php?id=1864248"]
[Date "2025.10.14"]
[Round "1"]
[White "Zeca1955"]
[Black "oniwa"]
[Result "1/2-1/2"]
[WhiteElo "1899"]
[BlackElo "1884"]

1. e4 e5 2. Nf3 Nc6 3. d4 exd4 4. Nxd4 Nxd4 5. Qxd4 Nf6 6. Bg5 Be7 7. Bc4 O-O 8.
O-O d6 9. Nc3 c6 10. b4 b5 11. Bb3 h6 12. Bh4 Ng4 13. Bxe7 Qxe7 14. h3 Ne5 15.
Qe3 a5 16. bxa5 Rxa5 17. f4 Ng6 18. f5 Ne5 19. f6 gxf6 20. Qxh6 Be6 21. Rxf6 Ng6
22. Bxe6 Qxf6 23. Bf5 Qxc3 24. Rf1 Qd4+ 25. Kh1 Qg7 26. Qd2 Rxa2 27. Kh2 Nh4 28.
Rf4 Qe5 29. g3 Nxf5 30. Rxf5 Qxe4 31. Qg5+ Kh7 32. Qh5+ Kg7 33. Qg5+ Kh7 34.
Qh5+ Kg7 35. Qg5+ Kh7 36. Qh5+ 1/2-1/2

[Event "AUTO-ADV-4898"]
[Site "http://www.queenalice.com/game.php?id=1864249"]
[Date "2025.10.14"]
[Round "1"]
[White "oniwa"]
[Black "AndreTheFrog"]
[Result "1-0"]
[WhiteElo "1924"]
[BlackElo "1723"]

1. d4 f5 2. Nc3 Nf6 3. Bg5 c6 4. Bxf6 gxf6 5. e4 e6 6. Nf3 d5 7. exf5 e5 8. dxe5
Bxf5 9. Bd3 Bxd3 10. Qxd3 Nd7 11. Qf5 Qe7 12. O-O O-O-O 13. Rfe1 Kb8 14. a3 Nxe5
15. Nxe5 fxe5 16. Rxe5 Qd7 17. Re6 Re8 18. Qe5+ Bd6 19. Qxd6+ Qxd6 20. Rxd6 Re7
21. g3 h5 22. Na4 Kc7 23. Rf6 Rg8 24. h4 b6 25. b4 Rge8 26. Kg2 Re6 27. Rf5 Re5
28. Rxe5 Rxe5 29. Nc3 d4 30. Nd1 Re1 31. f4 Kd6 32. Kf2 Rh1 33. Ke2 Kd5 34. Rc1
Ke4 35. Nf2+ 1-0

[Event "AUTO-ADV-4898"]
[Site "http://www.queenalice.com/game.php?id=1864250"]
[Date "2025.10.14"]
[Round "1"]
[White "AndreTheFrog"]
[Black "oniwa"]
[Result "0-1"]
[WhiteElo "1731"]
[BlackElo "1927"]

1. e4 e5 2. Nf3 Nc6 3. Nc3 Nf6 4. Bc4 Bc5 5. O-O O-O 6. a3 d6 7. h3 a6 8. d3 b5
9. Ba2 Be6 10. b4 Bb6 11. Re1 Bxa2 12. Rxa2 Nd4 13. Ne2 Nxf3+ 14. gxf3 Nh5 15.
Kh1 Bxf2 16. Rf1 Qh4 17. Ng1 Bxg1 18. Kxg1 Qg3+ 19. Kh1 Qxh3+ 20. Kg1 Ng3 21.
Kf2 Qh2+ 22. Ke1 Nxf1 23. Qe2 Qxe2+ 24. Kxe2 Ng3+ 25. Kd2 f5 26. c4 fxe4 27. Ke3
exf3 28. Kf2 Ne2 29. Be3 h6 30. c5 d5 31. d4 e4 32. Ra1 g5 33. Rh1 Kg7 0-1

[Event "AUTO-ADV-4898"]
[Site "http://www.queenalice.com/game.php?id=1864251"]
[Date "2025.10.14"]
[Round "1"]
[White "oniwa"]
[Black "Carlos19"]
[Result "1-0"]
[WhiteElo "1876"]
[BlackElo "1605"]

1. d4 e6 2. e4 Nc6 3. Nf3 d5 4. Nc3 Bb4 5. Bd2 dxe4 6. Nxe4 Bxd2+ 7. Qxd2 f5 8.
Nc3 a6 9. O-O-O Nce7 10. Bc4 b5 11. Bb3 Bb7 12. d5 exd5 13. Nxd5 Bxd5 14. Bxd5
c6 15. Bxc6+ Nxc6 16. Rhe1+ Nge7 17. Qg5 Qxd1+ 18. Rxd1 Rd8 19. Rxd8+ Nxd8 20.
Qxg7 Rg8 21. Qxh7 Ndc6 22. Qh5+ Kd7 23. g3 Nb4 24. a3 Nbd5 25. Ne5+ Ke6 26. Qe2
Kf6 27. Nd7+ Kg7 28. Nc5 Ra8 29. Qh5 Kf6 30. Qh6+ Ng6 31. Nd7+ Kf7 32. Qh7+ Ke6
33. Qxg6+ Ke7 34. Qxf5 Kd6 35. h4 Ne7 36. Qd3+ Nd5 37. Nb6 1-0

[Event "AUTO-ADV-4898"]
[Site "http://www.queenalice.com/game.php?id=1864252"]
[Date "2025.10.14"]
[Round "1"]
[White "Carlos19"]
[Black "oniwa"]
[Result "0-1"]
[WhiteElo "1592"]
[BlackElo "1879"]

1. e4 e5 2. Nf3 Nc6 3. Bc4 Bc5 4. d3 Nf6 5. Bg5 O-O 6. a3 h6 7. Bxf6 Qxf6 8. O-O
Nd4 9. b4 Nxf3+ 10. Qxf3 Qxf3 11. gxf3 Bd4 12. Ra2 d6 13. c3 Bb6 14. a4 a5 15.
b5 c6 16. Rd2 Be6 17. Bxe6 fxe6 18. Kg2 Rf6 19. d4 exd4 20. cxd4 Rc8 21. e5 dxe5
22. dxe5 Rf5 23. Re1 Rg5+ 24. Kh1 Rf8 25. bxc6 bxc6 26. h4 Rh5 27. Rd6 Bxf2 28.
Rf1 Rxh4+ 29. Kg2 Be3 30. Rxe6 c5 31. Rb6 Rf5 32. Rb8+ Kh7 33. Rb5 Rg5# 0-1

[Event "AUTO-ADV-4888"]
[Site "http://www.queenalice.com/game.php?id=1865341"]
[Date "2025.11.8"]
[Round "2"]
[White "oniwa"]
[Black "Castling"]
[Result "1-0"]
[WhiteElo "1918"]
[BlackElo "1744"]

1. d4 d5 2. c4 e6 3. Nc3 Bb4 4. Bd2 a6 5. Nf3 h6 6. a3 Bd6 7. c5 Be7 8. Bf4 c6
9. e4 Nf6 10. e5 Ne4 11. Nxe4 dxe4 12. Ng1 Qd5 13. Qc2 O-O 14. Bc4 Qd8 15. Qxe4
Qa5+ 16. Bd2 Qd8 17. Nf3 b5 18. Bd3 a5 19. Qh7# 1-0

[Event "AUTO-ADV-4888"]
[Site "http://www.queenalice.com/game.php?id=1865344"]
[Date "2025.11.8"]
[Round "2"]
[White "oniwa"]
[Black "Zeca1955"]
[Result "0-1"]
[WhiteElo "1881"]
[BlackElo "1903"]

1. d4 e6 2. e4 d5 3. Nc3 Bb4 4. e5 Ne7 5. Qg4 Ng6 6. Bd3 Qh4 7. Qf3 Qxd4 8. Bxg6
Qxe5+ 9. Ne2 hxg6 10. O-O Qxh2# 0-1

[Event "AUTO-ADV-4906"]
[Site "http://www.queenalice.com/game.php?id=1866365"]
[Date "2025.11.29"]
[Round "1"]
[White "oniwa"]
[Black "WHUSIRO"]
[Result "0-1"]
[WhiteElo "1934"]
[BlackElo "1957"]

1. d4 Nf6 2. Nc3 e6 3. e4 c5 4. Nf3 cxd4 5. Nxd4 Bc5 6. Be3 b6 7. Bb5 a6 8. Bc4
O-O 9. O-O Nc6 10. Nb3 Bxe3 11. fxe3 Ne5 12. Bd3 Bb7 13. Nd2 b5 14. Nf3 Ng6 15.
e5 Nd5 16. Qd2 Nb6 17. Be4 Nc4 18. Bxb7 Nxd2 19. Bxa8 Nxf1 20. Bb7 Nxe3 21. Rc1
Nc4 22. b3 Ncxe5 23. Nxe5 Nxe5 24. Bxa6 b4 25. Ne4 d5 26. Ng3 Qb6+ 0-1